| 000 | 00550nam a2200193Ii 4500 | ||
|---|---|---|---|
| 003 | JO-AjNU | ||
| 008 | 230606s9999||||xx |||||||||||||| ||und|| | ||
| 040 |
_aJO-AjNU _beng _erda _cJO-AjNU |
||
| 041 | _aeng | ||
| 050 | 1 | 4 | _aHD62.6.1989 |
| 100 | 3 |
_aRay,Dennis F, _eauthor _92960 |
|
| 245 | 0 | 0 | _aSouthern Management Association Proceedings |
| 264 | 3 | 1 | _aSouthern Management Association |
| 300 | _a403p | ||
| 336 |
_atext _btxt _2rdacontent |
||
| 337 |
_aunmediated _bn _2rdamedia |
||
| 338 |
_avolume _bnc _2rdacarrier |
||
| 650 | 4 |
_aManagement _92961 |
|
| 999 |
_aE1551 _c1551 _d1551 |
||